| 000 | 03167nam a2200397 i 4500 | ||
|---|---|---|---|
| 001 | 194111 | ||
| 003 | ES-GrU | ||
| 005 | 20250728043251.0 | ||
| 007 | ta | ||
| 008 | 240228s2024 sp f 000 0 spa d | ||
| 017 | _aB. 338-2024 | ||
| 020 | _a9788423436774 | ||
| 040 |
_aUGR _erda _bspa _cES-MaACL |
||
| 080 | _a329 | ||
| 080 | _a321.7 | ||
| 100 | 1 |
_aSevilla, Jordi, _d1956- _9235758 _eaut |
|
| 245 | 1 | 3 |
_aManifiesto por una democracia radical : _bun análisis del origen de la polarización y una propuesta para superar la antigua dicotomía entre derechas e izquierdas / _cJordi Sevilla. |
| 250 | _aPrimera edición: febrero de 2024 | ||
| 264 | 1 |
_aBarcelona : _bDeusto , _c2024 |
|
| 264 | 4 | _c©2024 | |
| 300 |
_a361 páginas ; _c23 cm |
||
| 336 |
_atexto _btxt _2rdacontent |
||
| 337 |
_asin mediación _bn _2rdamedia |
||
| 338 |
_avolumen _bnc _2rdacarrier |
||
| 520 | 3 |
_aEn las dos últimas décadas ha resurgido el conflicto en la política. Fenómenos como la crisis de 2008, la pandemia, el cambio climático o la nueva guerra fría han desmontado la ingenua creencia en el triunfo definitivo de la democracia liberal y la economía de mercado. Todas las promesas optimistas que construían la utopía del nuevo milenio se han venido abajo, hasta el punto de que los jóvenes ya asumen que vivirán peor que sus padres. En este marco de desengaño e indignación ciudadana, el economista y exolítico Jordi Sevilla ha reunido una serie de propuestas de reforma para un tiempo en el que predomina el miedo al futuro y la nostalgia de un pasado inexistente, y en el que la desregulación económica desatada ha dado paso al retorno del Estado. Este libro rastrea el origen del populismo y las políticas identitarias que corroen el presente a través de las brechas sociales que no ha sabido restañar la democracia liberal. Sevilla propone refundar el contrato social y avanzar hacia una nueva concepción de la democracia, la radical o reforzada. Sólo una alternativa política que subsane los errores cometidos y esté preparada para abordar los nuevos desafíos podrá revertir la polarización y la fragmentación social. Manifiesto por una democracia radical plantea una mejora de la calidad democrática que deje atrás los conceptos de izquierda y de derecha del siglo pasado. Pero también aboga por recuperar y aunar lo mejor de las dos grandes ideologías que han construido Occidente, hoy arrinconadas: el liberalismo y la socialdemocracia. _b[Resumen del editor] |
|
| 650 | 7 |
_aDemocracia _2embne _911574 |
|
| 650 | 0 |
_aPopulismo _2EMBUS _9235759 |
|
| 650 | 4 |
_aPartidos políticos _2EMBUS _915858 |
|
| 852 |
_aES-MaACL _bR.155090 _cDEPOJ _jN-9862 _xEncuadernación rústica con solapas _hDonación: Jordi Sevilla _9201779 _gDedicatoria autógrafa del autor |
||
| 903 |
_9235758 _aSevilla, Jordi, _d1956- _ednr |
||
| 942 |
_cMONOGRAFIA _n0 |
||
| 999 |
_c194111 _d194111 |
||